000 00857nam a22002537a 4500
005 20100807113544.0
010 _aENG-98783
020 _a9788190869355
_c125.00
035 _aEN-82315
037 _bDBAD/PUB
082 _a338.968
100 _aGopikala, K.
_98333
245 _aPvererty erradication measures in India /
_cby K. Gopikala
260 _aChennai
_bVelicham
_c2008
270 _a137,2nd floor,Jani Jan Khan Road,Royapettah
_bChennai
_e6000014
300 _avii,110p.
_c23cm (pbk)
500 _aIncliudes bibliographical references
650 _aEconomic History
_98334
650 _aPoverty
_98335
700 _98297
700 _98298
942 _2ddc
_cEN
_h338.968
_mGOP
999 _c39999
_d39999